| 000 | 00565cam a2200169 4500 | ||
|---|---|---|---|
| 001 | M103204 | ||
| 008 | 000000n1999 000 0 eng u | ||
| 035 | _a(Sirsi) u103204 | ||
| 110 |
_aRoyal Institution of Chartered Surveyors _94900 |
||
| 245 | _aRICS Appraisal and Valuation Manual: update 11 (1/11/1999) | ||
| 260 |
_aLondon _bRICS _c1999 |
||
| 520 | _aINCORPORATED INTO THE APPRAISAL AND VALUATION MANUAL. | ||
| 650 | _aPRACTICE STATEMENT 11 | ||
| 650 | _aRICS APPRAISAL AND VALUATION MANUAL | ||
| 650 | _aRICS APPRAISAL AND VALUATION MANUAL | ||
| 942 | _n0 | ||
| 999 |
_c100095 _d100095 |
||